[Event "Eesti klubide mv"]
[Site "Tallinn"]
[Date "2021.07.16"]
[Round "2.5"]
[White "Shnurov, Daniil"]
[Black "Rauk, Tõnu"]
[Result "1-0"]
[WhiteElo "1890"]
[BlackElo "2125"]
[PlyCount "121"]
[EventDate "2021.07.16"]
[EventCountry "EST"]
[SourceVersionDate "2021.11.19"]
[WhiteTeam "Kohtla-Jarve Diagonaal"]
[BlackTeam "Kadrioru MK"]

1. d4 Nf6 2. c4 e6 3. Nc3 Bb4 4. e3 O-O 5. Nf3 d5 6. Qc2 b6 7. cxd5 exd5 8. Bd3
Bb7 9. O-O Nbd7 10. Bd2 a6 11. a3 Bd6 12. e4 Nxe4 13. Nxe4 dxe4 14. Bxe4 Bxe4
15. Qxe4 Re8 16. Qc2 Nf8 17. Rfe1 Ng6 18. Qc6 Ne7 19. Qe4 Ng6 20. Qc6 Ne7 21.
Qe4 Qd7 22. g3 Qb5 23. Qc2 Qf5 24. Qe4 Qxe4 25. Rxe4 Nd5 26. Rae1 Rxe4 27. Rxe4
Nf6 28. Re2 Re8 29. Rxe8+ Nxe8 30. Ng5 Nf6 31. f3 Nd5 32. Ne4 Be7 33. Kf2 f5
34. Nc3 Nxc3 35. Bxc3 c6 36. Ke3 Bg5+ 37. f4 Be7 38. d5 cxd5 39. Kd4 Bc5+ 40.
Kxd5 Bg1 41. h3 Bh2 42. Be1 h5 43. Ke5 Bg1 44. Kxf5 Kf7 45. g4 hxg4 46. hxg4
Be3 47. Bc3 Bc1 48. Bd4 b5 49. Ke5 Ke7 50. g5 g6 51. f5 Kf7 52. fxg6+ Kxg6 53.
Kd5 a5 54. Bf6 b4 55. a4 Bxb2 56. Bxb2 Kxg5 57. Kc5 Kf5 58. Kb6 Ke6 59. Kxa5
Kd7 60. Kb6 Kc8 61. Ka7 1-0

[Event "Eesti klubide mv"]
[Site "Tallinn"]
[Date "2021.07.16"]
[Round "2.6"]
[White "Tarakanov, Oleg"]
[Black "Dusman, Aleksander"]
[Result "1/2-1/2"]
[WhiteElo "2127"]
[BlackElo "2024"]
[PlyCount "44"]
[EventDate "2021.07.16"]
[EventCountry "EST"]
[SourceVersionDate "2021.11.19"]
[WhiteTeam "Kadrioru MK"]
[BlackTeam "Kohtla-Jarve Diagonaal"]

1. e4 c5 2. Nf3 e6 3. c3 Nc6 4. d4 d5 5. e5 Qb6 6. a3 Bd7 7. b4 cxd4 8. cxd4 f6
9. Bf4 fxe5 10. Bxe5 Nxe5 11. Nxe5 Nf6 12. Be2 Bd6 13. Nxd7 Nxd7 14. O-O O-O
15. Ra2 Kh8 16. g3 Rac8 17. Bg4 Rc4 18. Bxe6 Nf6 19. Re1 Rxd4 20. Rd2 Rc4 21.
Rde2 Rd4 22. Rd2 Rc4 1/2-1/2

[Event "Eesti klubide mv"]
[Site "Tallinn"]
[Date "2021.07.16"]
[Round "2.22"]
[White "Raag, Ardi"]
[Black "Zjukin, Sergei"]
[Result "1/2-1/2"]
[WhiteElo "1955"]
[BlackElo "2297"]
[PlyCount "74"]
[EventDate "2021.07.16"]
[EventCountry "EST"]
[SourceVersionDate "2021.11.19"]
[WhiteTeam "Kaksikodad MK"]
[BlackTeam "TTMKK"]

1. e4 e5 2. Nf3 Nc6 3. Bb5 a6 4. Ba4 Nf6 5. O-O Be7 6. Re1 b5 7. Bb3 d6 8. c3
O-O 9. h3 Bb7 10. d4 Re8 11. Nbd2 Bf8 12. Bc2 g6 13. d5 Nb8 14. b3 c6 15. c4
Bh6 16. Nf1 Bxc1 17. Qxc1 bxc4 18. bxc4 Nbd7 19. Ng3 Nc5 20. Qh6 Qe7 21. Nh4
Qf8 22. Qg5 Qg7 23. Rab1 cxd5 24. cxd5 Nfd7 25. Rb2 a5 26. Reb1 Ba6 27. Qd2 Qf6
28. Nf3 Qf4 29. Qxa5 Nd3 30. Qc7 Nxb2 31. Qxd7 Nc4 (31... Rec8 32. Bb3 Bd3 33.
Ra1 Qf6 $19) 32. Bd3 Nd2 33. Nxd2 Bxd3 34. Rb7 Rad8 (34... Rec8 $19 35. Nf3 (
35. Qxd6 Qxd2 (35... Rc2 36. Nf3 Bxe4 $19) 36. Rxf7 Rc1+ $1 37. Kh2 Kxf7 38.
Qe6+ Kf8 39. Qf6+ Ke8 40. Qe6+ Kd8 41. Qd6+ Kc8) 35... Bxe4 36. Nxe4 Rc1+) 35.
Qc7 Rc8 36. Qd7 Rcd8 (36... Rf8 37. Nf3 Bxe4 $19) 37. Qc7 Rc8 1/2-1/2

[Event "Eesti klubide mv"]
[Site "Tallinn"]
[Date "2021.07.16"]
[Round "2.23"]
[White "Haavamäe, Henrik"]
[Black "Kull, Tormi"]
[Result "0-1"]
[WhiteElo "2198"]
[BlackElo "1964"]
[PlyCount "86"]
[EventDate "2021.07.16"]
[EventCountry "EST"]
[SourceVersionDate "2021.11.19"]
[WhiteTeam "TTMKK"]
[BlackTeam "Kaksikodad MK"]

1. e4 c6 2. d4 d5 3. e5 c5 4. dxc5 e6 5. Be3 Nd7 6. Bb5 Qa5+ 7. Nc3 a6 8. Bxd7+
Bxd7 9. Qd4 Ne7 10. b4 Qc7 11. a3 Nc6 12. Qd2 Qxe5 13. Nf3 Qh5 14. O-O Be7 15.
Ne2 Bf6 16. Rad1 Ne5 17. Nxe5 Bxe5 18. Nf4 Qf5 19. c4 Ba4 20. cxd5 Bxd1 21.
Rxd1 Bxf4 22. Bxf4 Qxd5 23. Qxd5 exd5 24. Rxd5 Rd8 25. Bd6 Kd7 26. Kf1 Kc6 27.
Rd4 Kb5 28. Ke2 Rhe8+ 29. Kd2 Re6 30. Rf4 f6 31. Rf3 Rde8 32. Kd3 a5 33. Rf4 g5
34. Rf5 axb4 35. axb4 Kxb4 36. Kd4 Kb5 37. Kd5 Re1 38. Kd4 Rd1+ 39. Kc3 Re6 40.
Bf8 Kc6 41. Kc4 Re4+ 42. Kc3 Rf4 43. Rxf4 gxf4 0-1

[Event "Eesti klubide mv"]
[Site "Tallinn"]
[Date "2021.07.16"]
[Round "2.24"]
[White "Lainevool, Mirko"]
[Black "Medar, Marti"]
[Result "1/2-1/2"]
[WhiteElo "1554"]
[BlackElo "2049"]
[PlyCount "58"]
[EventDate "2021.07.16"]
[EventCountry "EST"]
[SourceVersionDate "2021.11.19"]
[WhiteTeam "Kaksikodad MK"]
[BlackTeam "TTMKK"]

1. e4 c5 2. Nf3 Nc6 3. Bb5 Nd4 4. Nxd4 cxd4 5. O-O a6 6. Bc4 Qc7 7. Bb3 Nf6 8.
d3 d6 9. h3 e5 10. f4 Be7 11. a4 O-O 12. f5 h6 13. Nd2 Rb8 14. g4 b5 15. h4 Nh7
16. Nf3 Qd8 17. Qe1 Kh8 18. Qg3 bxa4 19. Rxa4 Rxb3 20. cxb3 d5 21. Qxe5 (21. g5
dxe4 (21... Bb7 22. Qxe5 Bd6 23. Qxd4 Qc7 24. Kg2 (24. Be3)) 22. dxe4 Bb7 23.
Qxe5) 21... Bb7 22. Qxd4 (22. g5 $18) 22... Qc7 23. Qe5 (23. Kg2 dxe4 24. dxe4
Nf6 25. Rc4 Qb8 26. e5) 23... Bd6 24. Qc3 Qb6+ 25. Kg2 Rc8 26. Qd4 Bc5 27. Qc3
Bd6 28. Qd4 Bc5 29. Qc3 Bd6 1/2-1/2

[Event "Eesti klubide mv"]
[Site "Tallinn"]
[Date "2021.07.16"]
[Round "2.25"]
[White "Abozenko, Georg"]
[Black "Dukov, Vladimir"]
[Result "1-0"]
[WhiteElo "2134"]
[BlackElo "1423"]
[PlyCount "57"]
[EventDate "2021.07.16"]
[EventCountry "EST"]
[SourceVersionDate "2021.11.19"]
[WhiteTeam "TTMKK"]
[BlackTeam "Kaksikodad MK"]

1. d4 e6 2. c4 d5 3. Nc3 Nf6 4. Bg5 Be7 5. Nf3 Nbd7 6. e3 O-O 7. c5 c6 8. b4 a5
9. b5 Ne4 10. Nxe4 dxe4 11. Bxe7 Qxe7 12. Nd2 cxb5 13. Nxe4 b4 14. f4 f6 15.
Bc4 Kh8 16. O-O e5 17. fxe5 fxe5 18. Rxf8+ Nxf8 19. Qf3 exd4 20. exd4 Be6 21.
d5 Bg8 22. Rf1 Ng6 23. d6 Qf8 24. Qg4 Qe8 25. Bxg8 Qxg8 26. Ng5 Qd5 27. Qh5
Qd4+ 28. Kh1 Nf8 29. Rxf8+ 1-0

[Event "Eesti klubide mv"]
[Site "Tallinn"]
[Date "2021.07.16"]
[Round "2.26"]
[White "Kõlar, Karl-Ustav"]
[Black "Truus, Tõnu"]
[Result "1-0"]
[WhiteElo "1646"]
[BlackElo "2120"]
[PlyCount "87"]
[EventDate "2021.07.16"]
[EventCountry "EST"]
[SourceVersionDate "2021.11.19"]
[WhiteTeam "Kaksikodad MK"]
[BlackTeam "TTMKK"]

1. e4 d5 2. exd5 Nf6 3. d4 Nxd5 4. c4 Nb6 5. Nc3 e5 6. dxe5 Qxd1+ 7. Kxd1 Nc6
8. f4 Bf5 9. Be3 O-O-O+ 10. Ke1 Nd4 (10... g5 11. Nf3 gxf4 12. Bxf4 Bb4) 11.
Rd1 Bc5 12. Kf2 f6 13. exf6 gxf6 14. Nge2 Ne6 15. Rxd8+ Rxd8 16. Ng3 Rd2+ 17.
Be2 Bd3 18. f5 Bxe2 19. Ngxe2 Rd3 20. Bxc5 Nxc5 21. b4 Nca4 22. Ne4 Nd7 23. g4
Kd8 24. h4 Ke7 25. g5 Kf7 26. Nf4 Rd4 27. Ke3 Rxc4 28. Rd1 Nab6 29. g6+ hxg6
30. fxg6+ Kg7 31. h5 f5 32. Nc5 Nf6 33. Nce6+ Kh6 34. Rd8 Nbd5+ 35. Nxd5 Nxd5+
36. Rxd5 Re4+ 37. Kf3 Rxe6 38. Rxf5 Re1 39. Kg2 Re4 40. Kf3 Rh4 41. a3 Rh1 42.
Ke4 Re1+ 43. Kd5 Re7 44. Rf7 1-0

[Event "Eesti klubide mv"]
[Site "Tallinn"]
[Date "2021.07.16"]
[Round "2.31"]
[White "Andrijashkin, Deniss"]
[Black "Pedmanson, Albert"]
[Result "1-0"]
[WhiteElo "2137"]
[BlackElo "1945"]
[PlyCount "112"]
[EventDate "2021.07.16"]
[EventCountry "EST"]
[SourceVersionDate "2021.11.19"]

1. e4 e5 2. Nf3 Nc6 3. Bb5 a6 4. Ba4 Nf6 5. d3 b5 6. Bb3 Bc5 7. O-O h6 8. c3 d6
9. Re1 Bg4 10. Nbd2 O-O 11. Nf1 d5 12. Qe2 d4 13. a3 dxc3 14. bxc3 a5 15. h3
Bxf3 16. Qxf3 Qd6 17. Ng3 Ne7 18. d4 Bb6 19. Be3 b4 20. axb4 axb4 21. Rxa8 Rxa8
22. Nf5 Nxf5 23. Qxf5 Re8 24. Qg6 Re7 25. Bxh6 Ne8 26. Qxd6 Nxd6 27. Bg5 Re8
28. cxb4 Bxd4 29. Bd5 Nb5 30. Rc1 Nc3 31. Kf1 Rc8 32. Be3 Bxe3 33. fxe3 Nxd5
34. exd5 Rb8 35. Rxc7 Rxb4 36. d6 Rb1+ 37. Ke2 Rb2+ 38. Ke1 Rb1+ 39. Ke2 Rb2+
40. Kd3 Rb6 41. d7 Rd6+ 42. Ke4 Kf8 43. Kxe5 Rd2 44. g4 Rd3 45. Ke4 Rd6 46. h4
Re6+ 47. Kd5 Ke7 48. d8=Q+ Kxd8 49. Rxf7 Rxe3 50. Rxg7 Ke8 51. h5 Kf8 52. h6
Re1 53. g5 Re2 54. g6 Rh2 55. Rf7+ Ke8 56. h7 Rh6 1-0

[Event "Eesti klubide mv"]
[Site "Tallinn"]
[Date "2021.07.16"]
[Round "2.32"]
[White "Sirp, Karl Aleksander"]
[Black "Aga, Rihard"]
[Result "1-0"]
[WhiteElo "1971"]
[BlackElo "2021"]
[PlyCount "61"]
[EventDate "2021.07.16"]
[EventCountry "EST"]
[SourceVersionDate "2021.11.19"]
[WhiteTeam "Tartu Kalev"]
[BlackTeam "Narva Maletäht"]

1. Nf3 Nf6 2. d4 g6 3. Bf4 d5 4. e3 c5 5. c3 Qb6 6. Qc1 Nc6 7. h3 Bf5 8. Be2
Rc8 9. Nbd2 Bg7 10. Nb3 cxd4 11. exd4 Ne4 12. O-O a5 13. Ng5 Nxd4 14. Nxd4 Bxd4
15. Nxe4 Bxe4 16. Bh6 Rc6 17. a4 Kd8 18. Bb5 Rc7 19. Qf4 Bf6 20. Qe3 Qe6 21. f3
Bf5 22. g4 Qd6 23. Qf2 Bc8 24. g5 Qf4 25. gxf6 Qxh6 26. fxe7+ Kxe7 27. Qg3 Qe3+
28. Kh1 Kf6 29. Rae1 Qg5 30. Qxc7 Qf5 31. Qe7+ 1-0

[Event "Eesti klubide mv"]
[Site "Tallinn"]
[Date "2021.07.16"]
[Round "2.33"]
[White "Blohhin, Sofia"]
[Black "Pedmanson, Herman"]
[Result "0-1"]
[WhiteElo "1976"]
[BlackElo "2023"]
[PlyCount "144"]
[EventDate "2021.07.16"]
[EventCountry "EST"]
[SourceVersionDate "2021.11.19"]
[WhiteTeam "Narva Maletäht"]
[BlackTeam "Tartu Kalev"]

1. e4 c6 2. Nf3 d5 3. Nc3 Bg4 4. d4 e6 5. Bd3 Nf6 6. O-O Be7 7. Be3 dxe4 8.
Nxe4 Nxe4 9. Bxe4 Nd7 10. c3 Nf6 11. Bd3 O-O 12. h3 Bh5 13. g4 Bg6 14. Bxg6
hxg6 15. Ne5 Bd6 16. Qe2 Qc7 17. f4 c5 18. Nd3 cxd4 19. Bxd4 Rfd8 20. Rae1 b6
21. Qf3 Rac8 22. Kg2 Qc6 23. Qxc6 Rxc6 24. Ne5 Rcc8 25. Re2 Bc5 26. Bxc5 Rxc5
27. Nf3 Nd5 28. Kg3 Ne7 29. Nd4 Nc6 30. Nf3 Rcd5 31. Rfe1 b5 32. a3 a6 33. Kg2
Kf8 34. Ne5 Nxe5 35. fxe5 Ke7 36. Re3 Rd2+ 37. R1e2 Rd1 38. Rf3 R8d2 39. Ref2
Rxf2+ 40. Rxf2 Re1 41. Rf4 Rxe5 42. Kf2 Rd5 43. Ke2 g5 44. Rb4 a5 45. Re4 g6
46. Re3 f5 47. gxf5 gxf5 48. Rg3 Kf6 49. b3 e5 50. h4 g4 51. a4 e4 52. axb5
Rxb5 53. c4 Rb8 54. c5 Rc8 55. Rc3 Rc6 56. Kf2 f4 57. Rc4 Kf5 58. h5 g3+ 59.
Kg2 Kg4 60. Rxe4 Rxc5 61. h6 Rc2+ 62. Kf1 Kf3 63. Re1 Rh2 64. Kg1 Rxh6 65. Rf1+
Kg4 66. Ra1 Rc6 67. Kg2 f3+ 68. Kg1 g2 69. Kf2 Rc2+ 70. Ke3 Re2+ 71. Kd3 Re8
72. Ra4+ Kg3 0-1

[Event "Eesti klubide mv"]
[Site "Tallinn"]
[Date "2021.07.16"]
[Round "2.34"]
[White "Tomson, Mihkel"]
[Black "Sadekov, Maksim"]
[Result "0-1"]
[WhiteElo "1864"]
[BlackElo "1912"]
[PlyCount "58"]
[EventDate "2021.07.16"]
[EventCountry "EST"]
[SourceVersionDate "2021.11.19"]
[WhiteTeam "Tartu Kalev"]
[BlackTeam "Narva Maletäht"]

1. e4 e6 2. d4 d5 3. Nc3 dxe4 4. Nxe4 Bd7 5. Nf3 Bc6 6. Bd3 Nd7 7. Bf4 Ngf6 8.
Qe2 Bb4+ 9. c3 Be7 10. h4 Bxe4 11. Bxe4 c6 12. Bc2 Nd5 13. Bg3 c5 14. O-O-O c4
$5 15. Qxc4 Rc8 16. Qb5 O-O 17. Qd3 f5 18. Rde1 Qb6 19. Ng5 Ba3 20. bxa3 Rxc3
21. Qe2 Rfc8 22. Qxe6+ Qxe6 23. Nxe6 Rxc2+ 24. Kb1 Rd2 25. Nc7 Nc3+ (25... Nxc7
26. Rc1) 26. Kc1 Rxa2 27. Re7 Nf6 28. Ne6 Ncd5+ 29. Kb1 Rcc2 0-1

[Event "Eesti klubide mv"]
[Site "Tallinn"]
[Date "2021.07.16"]
[Round "2.35"]
[White "Vaino, Nikita"]
[Black "Lehes, Erik Johannes"]
[Result "1-0"]
[WhiteElo "1909"]
[BlackElo "1453"]
[PlyCount "101"]
[EventDate "2021.07.16"]
[EventCountry "EST"]
[SourceVersionDate "2021.11.19"]
[WhiteTeam "Narva Maletäht"]
[BlackTeam "Tartu Kalev"]

1. c4 e6 2. Nc3 f5 3. g3 Nf6 4. Bg2 d5 5. cxd5 exd5 6. Qb3 c6 7. Nf3 Bd6 8. O-O
O-O 9. d3 Qb6 10. Qc2 Nbd7 11. a3 Ne5 12. Be3 Qc7 13. Rac1 Be6 14. Nb5 Nxf3+
15. Bxf3 Qb8 16. Nxd6 Qxd6 17. Bc5 Qd7 18. Bxf8 Rxf8 19. e4 fxe4 20. dxe4 Nxe4
21. Bxe4 dxe4 22. Qxe4 Bd5 23. Rcd1 Qf7 24. Qe3 Bf3 25. Rd4 Qh5 26. Rh4 Qd5 27.
Re1 Kh8 28. Qe6 Qd2 29. Rf4 Qd8 30. Qe7 Qxe7 31. Rxe7 Kg8 32. Rxf8+ Kxf8 33.
Rxb7 a6 34. Rb6 Ke7 35. Rxa6 Kf6 36. Rb6 g5 37. a4 Ke5 38. a5 Kd5 39. a6 Kc4
40. b4 c5 41. bxc5 Kxc5 42. Rb8 h5 43. a7 Kd6 44. a8=Q Bxa8 45. Rxa8 Ke5 46.
Ra5+ Kf6 47. f4 gxf4 48. gxf4 Kg6 49. Rg5+ Kh6 50. h4 Kh7 51. f5 1-0

[Event "Eesti klubide mv"]
[Site "Tallinn"]
[Date "2021.07.16"]
[Round "2.36"]
[White "Pool, Linda Maria"]
[Black "Nikitin, Arseni"]
[Result "1/2-1/2"]
[WhiteElo "1484"]
[BlackElo "1765"]
[PlyCount "77"]
[EventDate "2021.07.16"]
[EventCountry "EST"]
[SourceVersionDate "2021.11.19"]
[WhiteTeam "Tartu Kalev"]
[BlackTeam "Narva Maletäht"]

1. d4 Nf6 2. Nf3 d5 3. e3 Bf5 4. c4 e6 5. Qb3 Qc8 6. Nc3 c6 7. Be2 Be7 8. O-O
Nbd7 9. Ne5 Nxe5 10. dxe5 Nd7 11. f4 h5 12. Bd2 Qc7 13. Qd1 g6 14. a3 Rd8 15.
cxd5 exd5 16. b4 Nb6 17. Na4 Nc4 18. Bxc4 dxc4 19. Qc1 b5 20. Nb2 h4 21. h3 O-O
22. Bc3 Qb6 23. Bd4 c5 24. bxc5 Bxc5 25. Bxc5 Qxc5 26. a4 a6 27. axb5 axb5 28.
Kh1 c3 29. Nd1 b4 30. Re1 Rd2 31. e4 Bxe4 32. Rxe4 Qd5 33. Nxc3 bxc3 34. Qxc3
Rd8 35. Qf3 Rd3 36. Qe2 Rd2 37. Qf3 Rd3 38. Qe2 Rd2 39. Qf3 1/2-1/2

[Event "Eesti klubide mv"]
[Site "Tallinn"]
[Date "2021.07.17"]
[Round "3.1"]
[White "Pedmanson, Albert"]
[Black "Volodin, Aleksander"]
[Result "0-1"]
[WhiteElo "1945"]
[BlackElo "2444"]
[PlyCount "76"]
[EventDate "2021.07.16"]
[EventCountry "EST"]
[SourceVersionDate "2021.11.19"]
[WhiteTeam "Tartu Kalev"]
[BlackTeam "Kohtla-Jarve Diagonaal"]

1. e4 c5 2. Nf3 d6 3. c3 Nf6 4. Be2 Nbd7 5. Qc2 Qc7 6. O-O b6 7. d3 Bb7 8. Bf4
c4 9. Na3 cxd3 10. Bxd3 e5 11. Bg3 Be7 12. Nd2 Nh5 13. f4 Nxg3 14. hxg3 Qc5+
15. Rf2 a6 16. b4 Qc7 17. Nac4 Rc8 18. Rc1 O-O 19. Ne3 Nf6 20. Nd5 Nxd5 21.
exd5 g6 22. f5 Bg5 23. Ne4 Be3 24. Rcf1 f6 25. fxg6 f5 26. gxh7+ Kh8 27. Ng5
Bxg5 28. Bxf5 Rcd8 29. Qd3 b5 30. Bg6 Qb6 31. Bf5 Be3 32. g4 Bc8 33. Qe4 Rf7
34. g3 Rdf8 35. Kg2 Bxf2 36. Rxf2 Bxf5 37. gxf5 Rxh7 38. f6 Rh2+ 0-1

[Event "Eesti klubide mv"]
[Site "Tallinn"]
[Date "2021.07.17"]
[Round "3.2"]
[White "Timoshin, Andrei"]
[Black "Sirp, Karl Aleksander"]
[Result "1/2-1/2"]
[WhiteElo "2176"]
[BlackElo "1971"]
[PlyCount "257"]
[EventDate "2021.07.16"]
[EventCountry "EST"]
[SourceVersionDate "2021.11.19"]
[WhiteTeam "Kohtla-Jarve Diagonaal"]
[BlackTeam "Tartu Kalev"]

1. e4 d6 2. d4 Nf6 3. Nc3 g6 4. Nf3 Bg7 5. h3 O-O 6. Be3 Nc6 7. d5 Nb8 8. Qd2
Re8 9. g4 c5 10. g5 Nfd7 11. h4 Nf8 12. Be2 Na6 13. h5 Nc7 14. hxg6 fxg6 15.
Bf4 b5 16. Nxb5 Nxb5 17. Bxb5 Bd7 18. Bc4 Qb6 19. c3 Bb5 20. Bxb5 Qxb5 21. e5
Qc4 22. b3 Qe4+ 23. Qe3 Qxd5 24. Rd1 Qc6 25. O-O d5 26. Bg3 Ne6 27. Nd2 d4 28.
cxd4 Nxd4 29. Qe4 Qxe4 30. Nxe4 Ne2+ 31. Kg2 Nxg3 32. fxg3 Bxe5 33. Nxc5 Rac8
34. Rd5 Bd6 35. Ne4 Rc2+ 36. Rf2 Rec8 37. Nxd6 exd6 38. Ra5 Rxf2+ 39. Kxf2 Rc7
40. Ke3 Kf7 41. Kd4 Ke6 42. b4 Rd7 43. a4 Rb7 44. b5 Rc7 45. g4 Rf7 46. Ra6 Rc7
47. Ke4 Rc4+ 48. Kd3 Rc7 49. Kd4 Rf7 50. a5 Rf4+ 51. Kc3 Rf3+ 52. Kc2 Rf2+ 53.
Kd3 Rf3+ 54. Kd4 Rf4+ 55. Ke3 Rb4 56. Rxa7 Rxb5 57. Kf4 Rb4+ 58. Kf3 Ke5 59.
Re7+ Kd5 60. Rxh7 Ra4 61. Rg7 Ke5 62. Re7+ Kd5 63. Rg7 Ke5 64. Kg3 d5 65. Rxg6
Rxa5 66. Rg8 Ke6 67. Rf8 d4 68. Kh4 d3 69. g6 Ra7 70. Rd8 Rd7 71. Rxd7 Kxd7 72.
g7 d2 73. g8=Q d1=Q 74. Qf7+ $18 Kd8 75. Kh5 Qe2 76. Qf8+ Kd7 77. Qf5+ Ke7 78.
Kg6 Qa6+ 79. Kh7 Qd6 80. g5 Qh2+ 81. Kg7 Qh4 82. Qf7+ Kd8 83. g6 Qg4 84. Qd5+ (
84. Kg8 {Kui must kuningas oleks laua teises otsas, näiteks b1-l, oleks see
teoreetiline viik.} Qg5 85. g7 Qe5 86. Qg6 Qd5+ 87. Kh8 Qh1+ 88. Qh7 Qa1 89.
Qe4 Qb2 90. Kh7 Qh2+ 91. Kg6 Qg3+ 92. Kf6 Qc3+ 93. Qe5 Qc6+ 94. Kf7 Qc4+ 95.
Kg6 Qd3+ 96. Qf5 $18 {[%csl Rd8][%cal Rf5g5,Rf5f6,Rf6d8,Yd3a6,Yd3g3,Yd3d6]})
84... Ke8 85. Qe5+ Kd7 86. Kh7 Qh3+ 87. Kg8 Qb3+ 88. Kg7 Qd3 89. Qf6 (89. Kf6
Qa6+ 90. Kg5 Qa8 91. g7 Qg2+ 92. Kf6 Qc6+ 93. Kf5 Qf3+ 94. Qf4 Qd5+ 95. Kg6
Qe6+ 96. Kh5 Qd5+ 97. Kh4 Kc6 (97... Qh1+ 98. Kg5 {[%csl Rd7][%cal Rf4g4,Rf4f5,
Rf5d7,Yh1d5,Yh1g1]}) 98. Qg5 Qh1+ 99. Kg4 Qd1+ 100. Kf5 Qd3+ 101. Kf6 Qd8+ 102.
Kg6 Qe8+ 103. Kh6 {[%cal Rg5g6,Rg6c6]} Qg8 104. Qf5 Kb6 105. Qh7 Qe6+ 106. Qg6
$18) 89... Qe4 90. Qf7+ Kc6 91. Kg8 Qe5 92. g7 $4 (92. Qf3+ Kd7 93. g7 Ke8 94.
Qc6+ Ke7 95. Qg6 Qf4 (95... Qd5+ 96. Kh8 Qh1+ 97. Qh7 Qa1 98. Qe4+ Kf7 99. Qd5+
Kg6 100. Qg2+ Kf5 101. Kh7 Qa7 102. Qg6+ Kf4 103. Kh6 $18) 96. Qh5 Qb8+ 97. Kh7
Qb1+ 98. Kh8 Qb2 99. Qg5+ Kf7 100. Qf5+ Ke7 101. Qf4 Ke6 102. Qc7 Qa1 103. Qb6+
Kf7 104. Qb7+ Kg6 105. Qg2+ Kf5 106. Kh7 Qa7 107. Qg6+ Kf4 108. Kh6 $18) 92...
Qb8+ $11 93. Kh7 Qh2+ 94. Kg6 Qg3+ 95. Kh6 Qe3+ 96. Kh5 Qh3+ 97. Kg6 Qg3+ 98.
Kh7 Qh2+ 99. Kg8 Qb8+ 100. Qf8 Qb3+ 101. Kh7 Qh3+ 102. Kg6 Qg4+ 103. Kf7 Qf5+
104. Kg8 Qd5+ 105. Qf7 Qd8+ 106. Kh7 Qh4+ 107. Kg6 Qg3+ 108. Kf6 Qh4+ 109. Ke5
Qe1+ 110. Kd4 Qd2+ 111. Ke5 Qe1+ 112. Kf5 Qf2+ 113. Ke6 Qe1+ 114. Kf6 Qh4+ 115.
Kg6 Qg3+ 116. Kh7 Qh2+ 117. Kg8 Qb8+ 118. Qf8 Qb3+ 119. Qf7 Qb8+ 120. Kh7 Qh2+
121. Kg6 Qg3+ 122. Kf5 Qf2+ 123. Ke6 Qe1+ 124. Kf6 Qh4+ 125. Kg6 Qg3+ 126. Kh6
Qe3+ 127. Kh7 Qh3+ 128. Kg6 Qg3+ 129. Kh6 1/2-1/2

[Event "Eesti klubide mv"]
[Site "Tallinn"]
[Date "2021.07.17"]
[Round "3.3"]
[White "Tomson, Mihkel"]
[Black "Golubenko, Valeri"]
[Result "0-1"]
[WhiteElo "1864"]
[BlackElo "2285"]
[PlyCount "50"]
[EventDate "2021.07.16"]
[EventCountry "EST"]
[SourceVersionDate "2021.11.19"]
[WhiteTeam "Tartu Kalev"]
[BlackTeam "Kohtla-Jarve Diagonaal"]

1. d4 g6 2. e4 Bg7 3. Nc3 c5 4. Nf3 cxd4 5. Nxd4 Nc6 6. Be3 Nf6 7. Bc4 Qa5 8.
f3 Qb4 9. Ndb5 Qxc4 (9... O-O $5) 10. Nc7+ Kd8 11. Nxa8 b6 12. Bf4 Ne8 (12...
Bb7 13. Nc7 Nh5 (13... e5 14. Bg5 Kxc7 15. Bxf6 Bxf6 16. Nd5+) 14. N7d5 $15)
13. Nd5 d6 14. c3 Bb7 15. Naxb6 axb6 16. Be3 (16. Nxb6 Qa6 17. Qb3 Nc7 18. Qxf7
Bxc3+ 19. bxc3 Qxb6 $15) 16... e6 17. Nxb6 Qa6 18. Qd2 (18. Qb3) 18... Ke7 19.
f4 $2 Na5 20. Qd1 Bxe4 21. Kf2 Nc7 22. a4 Rb8 23. b4 Rxb6 24. bxa5 Rb2+ 25. Bd2
Qd3 0-1

[Event "Eesti klubide mv"]
[Site "Tallinn"]
[Date "2021.07.17"]
[Round "3.4"]
[White "Koop, Vjacheslav"]
[Black "Lehes, Erik Johannes"]
[Result "1-0"]
[WhiteElo "2218"]
[BlackElo "1453"]
[PlyCount "69"]
[EventDate "2021.07.16"]
[EventCountry "EST"]
[SourceVersionDate "2021.11.19"]
[WhiteTeam "Kohtla-Jarve Diagonaal"]
[BlackTeam "Tartu Kalev"]

1. e4 e6 2. d4 d5 3. e5 c5 4. c3 Qb6 5. Nf3 Nc6 6. a3 Bd7 7. b4 c4 8. a4 a6 9.
g3 Nge7 10. Bg2 Nf5 11. O-O Be7 12. g4 Nh6 13. h3 Qd8 14. Bf4 b5 15. axb5 axb5
16. Na3 Qb8 17. Qd2 Ng8 18. Nc2 h5 19. Rxa8 Qxa8 20. Ra1 Qb7 21. Bg5 hxg4 22.
hxg4 Nh6 23. Ne3 Bxg5 24. Nxg5 Ke7 25. f4 Ra8 26. Rf1 Ra3 27. f5 Kd8 28. fxe6
fxe6 29. Nf7+ Nxf7 30. Rxf7 Kc7 31. Nxd5+ exd5 32. e6 Nb8 33. Qf4+ Kb6 34. Qd6+
Qc6 35. Qxb8+ 1-0

[Event "Eesti klubide mv"]
[Site "Tallinn"]
[Date "2021.07.17"]
[Round "3.5"]
[White "Pool, Linda Maria"]
[Black "Shnurov, Daniil"]
[Result "0-1"]
[WhiteElo "1484"]
[BlackElo "1890"]
[PlyCount "82"]
[EventDate "2021.07.16"]
[EventCountry "EST"]
[SourceVersionDate "2021.11.19"]
[WhiteTeam "Tartu Kalev"]
[BlackTeam "Kohtla-Jarve Diagonaal"]

1. d4 Nf6 2. Nf3 g6 3. c4 Bg7 4. g3 O-O 5. Bg2 d6 6. O-O c5 7. d5 e6 8. Nc3
exd5 9. Nxd5 Nxd5 10. cxd5 b5 11. e4 Re8 12. Ne1 Nd7 13. Rb1 a5 14. b3 Nf6 15.
f3 a4 16. b4 Qc7 17. a3 Ba6 18. Nc2 Nd7 19. Bb2 Bxb2 20. Rxb2 Ne5 21. Ne3 cxb4
22. Rxb4 Qc5 23. Re1 f5 24. Kh1 fxe4 25. fxe4 Qc3 26. Bf1 Qxa3 27. Nc2 Qc3 28.
Bxb5 Rec8 29. Bxa6 Rxa6 30. Re2 a3 31. Rb1 Ra4 32. Ra1 Qf3+ 33. Kg1 Rxe4 34.
Rxe4 Qxe4 35. Nxa3 Qe3+ 36. Kg2 Nd3 37. Qf1 Rf8 38. Qd1 Rf2+ 39. Kg1 Re2+ 40.
Kh1 Qf3+ 41. Kg1 Qg2# 0-1

[Event "Eesti klubide mv"]
[Site "Tallinn"]
[Date "2021.07.17"]
[Round "3.6"]
[White "Novikov, Sergei"]
[Black "Lehes, Leho"]
[Result "0-1"]
[WhiteElo "1755"]
[BlackElo "1342"]
[PlyCount "116"]
[EventDate "2021.07.16"]
[EventCountry "EST"]
[SourceVersionDate "2021.11.19"]
[WhiteTeam "Kohtla-Jarve Diagonaal"]
[BlackTeam "Tartu Kalev"]

1. d4 d5 2. c4 c6 3. Nc3 Nf6 4. c5 Bf5 5. Bf4 e6 6. Qb3 Qc8 7. Nf3 Nbd7 8. Ne5
Nxe5 9. Bxe5 Nd7 10. Bf4 b6 11. cxb6 axb6 12. e3 Be7 13. Be2 O-O 14. O-O Qb7
15. a3 Ra7 16. Rac1 Rc8 17. Qd1 c5 18. Nb5 Raa8 19. Bd6 Bd8 20. Qd2 Rc6 21. Bg3
Be7 22. Bf3 c4 23. Rfe1 Nf6 24. Nc3 Ne4 25. Bxe4 Bxe4 26. f3 Bd3 27. e4 Rd8 28.
e5 b5 29. Na2 Rb6 30. Nb4 Bf5 31. Bf2 Ra8 32. Ra1 Ra4 33. Nc2 Bxc2 34. Qxc2 Ra8
35. Re3 b4 36. Be1 bxa3 37. bxa3 Bf8 38. a4 Rb2 39. Qd1 g6 40. h3 Kg7 41. Kh2
Be7 42. f4 Bb4 43. Bxb4 Qxb4 44. Rea3 Rb3 45. Qc1 Rb2 46. Rf3 Qd2 47. Qg1 Ra2
48. f5 R8xa4 49. f6+ (49. Rxa2 Rxa2 50. fxe6 fxe6 51. Qf1 Ra7 52. Ra3 Rf7 (
52... Rxa3 53. Qf6+ $11) 53. Ra7 Rxa7 54. Qf6+ Kg8 55. Qd8+ Kf7 56. Qf6+ Ke8
57. Qh8+ Kd7 58. Qxh7+ Kc6 59. Qxa7 Kb5 $13) 49... Kg8 50. Rxa2 Rxa2 51. Rg3 h5
52. Qb1 Qb2 53. Qd1 (53. Rxg6+ Kf8 54. Qxb2 Rxb2 55. Rh6 Kg8 $1 $19 56. Rxh5
Rb4 $3 57. Rg5+ Kf8 58. Rg3 Rb3 59. Rg4 c3 60. Rh4 Ke8 61. Rh8+ Kd7 62. Rf8 Rb4
$3 (62... c2 63. Rxf7+ Kc6 64. Rf8 Kc7 65. Rf7+ Kb6 66. Rf8 c1=Q 67. Rb8+ Kc7
68. Rxb3 Qf4+ 69. Kh1 Qxd4 70. f7 Qa1+ 71. Kh2 Qxe5+ 72. Kg1 Qg7 73. Rf3 Qf8
74. g4 d4 75. Kf2 e5 76. g5 e4 77. Rf6 Kd7 78. h4 d3 79. Ke3 Qc5+ 80. Kxe4 d2
81. f8=Q Qxf8 82. Rxf8 d1=Q 83. Rf4 $11) 63. Rxf7+ Ke8 64. Ra7 c2 65. Ra8+ Kf7
$19) 53... Kh7 54. h4 Qd2 55. Qb1 Rb2 56. Qa1 Qxd4 57. Qa8 Rb1 58. Qa2 Qg1+ 0-1

[Event "Eesti klubide mv"]
[Site "Tallinn"]
[Date "2021.07.17"]
[Round "3.22"]
[White "Zjukin, Sergei"]
[Black "Petrov, Dmitri"]
[Result "1/2-1/2"]
[WhiteElo "2297"]
[BlackElo "2251"]
[PlyCount "33"]
[EventDate "2021.07.16"]
[EventCountry "EST"]
[SourceVersionDate "2021.11.19"]
[WhiteTeam "TTMKK"]
[BlackTeam "Kadrioru MK"]

1. e4 d5 2. exd5 Qxd5 3. Nc3 Qd8 4. d4 Nf6 5. g3 Nc6 6. Bb5 a6 7. Bxc6+ bxc6 8.
Qf3 Bb7 9. Be3 Qc8 10. O-O-O c5 11. d5 e6 12. Bg5 Be7 13. Bxf6 Bxf6 14. Ne4 Be7
15. c4 exd5 16. cxd5 O-O 17. Ne2 1/2-1/2